00719nam a2200253 a 4500001001300000003000900013005001700022008004100039020001000080082001300090100001900103245005100122260004000173300000800213500003500221505001000256650002000266650002500286700001900311902000800330942000700338952010500345999001500450nice12345678IN_TiNIC20260116011827.0050524s1967 hyda grp 000 0 eng  ac10000a370bDES aDeshpande, L B aRole of the University in National Integration aHyderabadbOsmania Universityc1967 a31p aincludes index and biblioraphy2 aIndex aEducation-India aNational Integration1 aDeshpande, L B bSRS cBK 00104070aHMIbHMId2007-06-05g100.00l1o370 DESp06346r2023-01-20s2022-07-05w2026-01-16yEB c4259d4259